Online
Catalog

Por el bien de la causa / (Record no. 21516)

MARC details
000 -CABECERA
campo de control de longitud fija 00790nam a2200241 a 4500
001 - NÚMERO DE CONTROL
campo de control 000022018
005 - FECHA Y HORA DE LA ÚLTIMA TRANSACCIÓN
campo de control 20200930011539.0
008 - DATOS DE LONGITUD FIJA--INFORMACIÓN GENERAL
campo de control de longitud fija 100915s1974 sp r 000 f spa d
020 ## - NÚMERO INTERNACIONAL ESTÁNDAR DEL LIBRO
Número Internacional Estándar del Libro 8402036279
040 ## - FUENTE DE LA CATALOGACIÓN
Centro catalogador/agencia de origen DO-SdBNP
Lengua de catalogación spa
Centro/agencia transcriptor BNPHU
082 ## - NÚMERO DE LA CLASIFICACIÓN DECIMAL DEWEY
Número de clasificación 891.744
Número de documento/Ítem S689p, 1974
049 ## - FONDOS LOCALES (OCLC)
Fondos de biblioteca BNGR
100 1# - ENTRADA PRINCIPAL--NOMBRE DE PERSONA
Nombre de persona Solschenitzin, Alexander,
Fechas asociadas al nombre 1918-2008.
9 (RLIN) 45650
245 10 - MENCIÓN DE TÍTULO
Título Por el bien de la causa /
Mención de responsabilidad, etc. Alexander Solschenitzin ; traducción de José Manuel Pomares, Pilar Giralt, Ramón Ibero.
250 ## - MENCIÓN DE EDICIÓN
Mención de edición 2a ed.
260 ## - PUBLICACIÓN, DISTRIBUCIÓN, ETC.
Lugar de publicación, distribución, etc. Barcelona :
Nombre del editor, distribuidor, etc. Bruguera,
Fecha de publicación, distribución, etc. 1974.
300 ## - DESCRIPCIÓN FÍSICA
Extensión 331, [5] p. ;
Dimensiones 18 cm.
490 1# - MENCIÓN DE SERIE
Mención de serie Libro amigo ;
Designación de volumen o secuencia 265
586 ## - NOTA DE PREMIOS
Nota de premios Premio Nobel de Literatura, 1970
650 #4 - PUNTO DE ACCESO ADICIONAL DE MATERIA--TÉRMINO DE MATERIA
Término de materia o nombre geográfico como elemento de entrada Novela rusa
9 (RLIN) 4742
650 #4 - PUNTO DE ACCESO ADICIONAL DE MATERIA--TÉRMINO DE MATERIA
Término de materia o nombre geográfico como elemento de entrada Literatura rusa
Subdivisión cronológica SIGLO XX
9 (RLIN) 41289
830 #0 - PUNTO DE ACCESO ADICIONAL DE SERIE-TÍTULO UNIFORME
Título uniforme Libro amigo
Designación de volumen o secuencia 265
9 (RLIN) 13799

No items available.

Powered by Koha